000 00415nam a2200157 i 4500
001 27025
003 ES-MaACL
005 20230906153538.0
007 t|
008 030113s1969 sp ||||1| spa d
100 1 _aAsín, Gerardo.
_923612
245 1 0 _aMini-Basket /
_cpor Gerardo Asín.
260 _aBarcelona :
_bSíntes,
_c[1969]
300 _a124 p. :
_bil. ;
_c22 cm.
852 _aES-MaACL
_jC-49872
_bR.68809
999 _c27025
_d27025